La evaluación de los alumnos: de la producción de la excelencia a la regulación de los aprendizajes, entre dos lógicas

Guardat en:
Dades bibliogràfiques
Autor principal: Perrenoud, Philippe (Autor)
Format: Llibre
Idioma:espanyol
Publicat: Buenos Aires Colihue 2008
Edició:1a. ed
Col·lecció:Alternativa Pedagógica
Matèries:
Etiquetes: Afegir etiqueta
Sense etiquetes, Sigues el primer a etiquetar aquest registre!

MARC

LEADER 00000cam a2200000 a 4500
001 UCH4839
003 CL-VaPUC
008 090910e20080000AG |||||||||||||||||spa|d
020 |a 9789505638017 
082 0 4 |a 370.7  |b PER  |2 21 
100 0 |a Perrenoud, Philippe  |e author  |9 222222 
245 1 3 |a La evaluación de los alumnos: de la producción de la excelencia a la regulación de los aprendizajes, entre dos lógicas 
250 |a 1a. ed 
300 |a 250 p 
942 |c BK 
945 |d 20090910 00:00:00  |a rbrito 
260 |a Buenos Aires  |b Colihue  |c 2008 
650 0 |a Pedagogía  |9 255351 
650 0 |a Didáctica   |9 369923 
650 0 |a Aprendizaje   |9 254827 
650 0 |a Educación  |9 258661 
583 |a last modification  |c 20151230 03:20:44  |k Rodrigo Vera 
490 0 |a Alternativa Pedagógica 
999 |c 336094  |d 336092 
952 |0 0  |1 0  |4 0  |6 370_700000000000000_PER_2008  |7 0  |8 A  |9 427017  |a BIBEDU  |b BIBEDU  |c ES_NOD  |d 2019-11-22  |i 4600339  |o 370.7 PER 2008  |p 4600339  |r 2023-08-09  |w 2019-11-22  |y BK  |k PSI 
952 |0 0  |1 0  |3 erb  |4 0  |6 370_700000000000000_PER_2008  |7 0  |8 A  |9 427018  |a BIBEDU  |b BIBEDU  |c ES_NOD  |i 5258790  |o 370.7 PER 2008  |p 5258790  |r 2023-08-09  |w 2019-11-22  |y BK  |z Catalogado en:20151231  |k EPE 
952 |0 0  |1 0  |3 erb  |4 0  |6 370_700000000000000_PER_2008  |7 0  |8 A  |9 427019  |a BIBEDU  |b BIBEDU  |c ES_NOD  |i 5258782  |o 370.7 PER 2008  |p 5258782  |r 2023-08-09  |w 2019-11-22  |y BK  |z Catalogado en:20151231  |k EPE 
952 |0 0  |1 0  |3 erb  |4 0  |6 370_700000000000000_PER_2008  |7 0  |8 A  |9 427020  |a BIBEDU  |b BIBEDU  |c ES_NOD  |i 5258774  |o 370.7 PER 2008  |p 5258774  |r 2023-08-09  |w 2019-11-22  |y BK  |z Catalogado en:20151231  |k EPE